000
00324nam a2200133Ia 4500
008
240624s9999 xx 000 0 und d
041
_a
eng
082
_a
823 SHE
100
_a
SHELDON SIDNEY
245
_a
SKY IS FALLING
260
_c
2011
_a
London
_b
Harper Collins India
300
_a
394 : p. : cm. ; 18
365
_c
RS
_b
25
999
_c
18704
_d
18704